| 000 | 00516nam a22001337a 4500 | ||
|---|---|---|---|
| 020 | _a9781849074193 | ||
| 040 | _cNUST | ||
| 082 | _a520 SUT | ||
| 100 |
_aPaul Sutherland _996792 |
||
| 245 |
_aEssential Guide to SPACE: _bThe Definitive Guide to Exploring and Understanding our Solar Systems and The Universe Beyond |
||
| 260 |
_aLondon: _bPHILIP'S _c2016. |
||
| 650 |
_aThe Definitive Guide to Exploring and Understanding our Solar Systems and The Universe Beyond: Essential Guide to SPACE _996793 |
||
| 942 |
_2ddc _cBK |
||
| 999 |
_c590871 _d590871 |
||